00222nam a2200085Ia 4500008004100000041000800041100001300049245003900062260003500101241105s9999 xx 000 0 und d aeng aGupta R. aResidential School Of Architecture bFinal Year B. Arch, BNCAc2005